000 00440nam a2200181Ia 4500
001 8272
005 20260306160557.0
008 260306t1984||||xx |||||||||||||| ||spa||
041 _aESP
082 _a370.1523
_bD97
100 _aDunn, Rita
_eAUT
245 0 _aLa enseñanza y el estilo individual del aprendizaje
260 _c1984
300 _a422 páginas :
_c23 cm.
650 _aGEN
654 _aCED
942 _cLIB
_dJUS
_fJUS
_2ddc
_n
999 _c8272
_d8272